00276nam a2200109Ia 4500008004100000082001000041100002000051245002500071260002000096630002500116730002500141100328s9999 xx 000 0 und d b24052 aMujumdar Chanda aGreat Women Of India bAdvaita Ashrama aGreat Women Of India aGreat Women Of India